| 000 | 00863nam0a22002651 4500 | ||
|---|---|---|---|
| 001 | rc\188703 | ||
| 005 | 20250620224350.0 | ||
| 010 |
_a5-86231-151-3 _920000 |
||
| 035 | _a(NLR Aleph) 005446048 | ||
| 090 |
_a4808029 _c4808029 |
||
| 100 | _a20030307d1994 |||y0rusy50 ca | ||
| 101 | 0 | _arus | |
| 102 | _aRU | ||
| 105 | _aa ||||||||| | ||
| 200 | 1 |
_aРоссия перед вторым пришествием _e(Материалы к очерку рус. эсхатологии) _f[Сост. С. Фомин] |
|
| 205 | _a2-е изд., испр. и доп. | ||
| 210 |
_aМ. _cРодник _d1994 |
||
| 215 |
_a508, [1] с. _cил. _d27 |
||
| 320 | _aБиблиогр. в примеч.: с. 415-448 | ||
| 702 | 1 |
_aФомин _bС. _gСергей _4220 |
|
| 801 | 0 |
_aRU _bNLR _gpsbo |
|
| 801 | 1 |
_aRU _bELAR _2rusmarc |
|
| 852 |
_aNLR _j95-7/113 |
||
| 942 | _cBOOK | ||
| 980 | _aNB | ||